India Tomorrow The Next Superpower/ (Record no. 206609)

MARC details
000 -LEADER
fixed length control field 00607nam a2200193 4500
005 - DATE AND TIME OF LATEST TRANSACTION
control field 20241023121536.0
010 ## - LCCN (DPL NO)
LC control number ENG-142284
020 ## - INTERNATIONAL STANDARD BOOK NUMBER
Terms of availability 695.00
International Standard Book Number 9788170494164
035 ## - SYSTEM CONTROL NUMBER
System control number EN-125816
037 ## - SOURCE OF ACQUISITION
Source of stock number/acquisition DBAD
082 ## - DEWEY DECIMAL CLASSIFICATION NUMBER
Classification number 954
100 ## - MAIN ENTRY--PERSONAL NAME
Personal name Sharma, Pramod
245 ## - TITLE STATEMENT
Title India Tomorrow The Next Superpower/
Remainder of title Pramod Sharma
250 ## - EDITION STATEMENT
Edition statement First
260 ## - PUBLICATION, DISTRIBUTION, ETC. (IMPRINT)
Name of publisher, distributor, etc Manas Publications
Place of publication, distribution, etc New Delhi
Date of publication, distribution, etc 2012
270 ## - ADDRESS
Address 4402/5 A, Ansari Road,Daryaganj
City New DElhi
Postal code 110002
Telephone number 23260783
-- 23265523
Electronic mail address mansaspublications@gmail.com
300 ## - PHYSICAL DESCRIPTION
Extent 288p.
Dimensions 22cm(hb)
942 ## - ADDED ENTRY ELEMENTS (KOHA)
Source of classification or shelving scheme Dewey Decimal Classification
Item type English Books
Classification part 954
Call number suffix SHA
Edition 2012
Holdings
Withdrawn status Lost status Not for loan Collection code Home library Current library Date acquired Source of acquisition Cost, normal purchase price Full call number Barcode Copy number Cost, replacement price Koha item type
      Non-fiction Ashok Vihar Ashok Vihar 23/10/2024 DBAD 695.00 954 SHA EN-125816 1 695.00 English Books

© Delhi Public Library
Hit Counter
free hit counter